[Event "Belgrade Trophy 25th"]
[Site "Obrenovac"]
[Date "2011.12.01"]
[Round "8"]
[White "Trisic, Dragan"]
[Black "Zivkovic, Dejan"]
[Result "0-1"]
[WhiteElo "2057"]
[BlackElo "2265"]
[PlyCount "41"]
[EventDate "2011.11.24"]
[EventType "swiss"]
[EventRounds "9"]
[EventCountry "YUG"]
[SourceTitle "CBM 145 Extra"]
[Source "ChessBase"]
[SourceDate "2012.01.03"]
[SourceVersion "1"]
[SourceVersionDate "2012.01.03"]
[SourceQuality "1"]

1. Nf3 Nf6 2. c4 g6 3. b3 Bg7 4. Bb2 0-0 5. g3 c5 6. Bg2 Nc6 7. 0-0 d6 8. d3 a6 9. Nc3 Rb8 10. Nd2 Bd7 11. Nce4 Nxe4 12. Bxg7 Nxf2 13. Rxf2 Kxg7 14. Ne4 f5 15. Nc3 e5 16. Qd2 h6 17. Nd5 Ne7 18. Nc3 b5 19. e4 b4 20. Ne2 Rf6 21. Raf1 0-1

[Event "Belgrade Trophy 25th"]
[Site "Obrenovac"]
[Date "2011.11.29"]
[Round "6"]
[White "Trisic, Dragan"]
[Black "Cetkovic, Miodrag"]
[Result "1/2-1/2"]
[WhiteElo "2057"]
[BlackElo "2247"]
[PlyCount "79"]
[EventDate "2011.11.24"]
[EventType "swiss"]
[EventRounds "9"]
[EventCountry "YUG"]
[SourceTitle "CBM 145 Extra"]
[Source "ChessBase"]
[SourceDate "2012.01.03"]
[SourceVersion "1"]
[SourceVersionDate "2012.01.03"]
[SourceQuality "1"]

1. Nf3 d5 2. c4 dxc4 3. e3 c5 4. Bxc4 Nc6 5. d4 cxd4 6. exd4 e6 7. Nc3 Nf6 8. 0-0 Be7 9. d5 exd5 10. Nxd5 Nxd5 11. Bxd5 0-0 12. Be3 Qa5 13. Qb3 Nb4 14. Bc4 Qh5 15. a3 Nc6 16. Rad1 Na5 17. Qb5 Qxb5 18. Bxb5 Be6 19. Ne5 a6 20. Be2 Rac8 21. b4 Nc6 22. Nd7 Rfd8 23. Nc5 Bxc5 24. Bxc5 Ne5 25. f4 Bc4 26. Kf2 Nd3+ 27. Bxd3 Rxd3 28. Rxd3 Bxd3 29. Rd1 Bb5 30. g4 Re8 31. Rd2 f6 32. Bb6 Kf7 33. Rc2 Bc6 34. Rd2 Re4 35. Be3 g6 36. Rd4 Re7 37. h4 Bd7 38. g5 Bc6 39. Bd2 f5 40. Be3 1/2-1/2

[Event "Belgrade Trophy 25th"]
[Site "Obrenovac"]
[Date "2011.11.24"]
[Round "1"]
[White "Trisic, Dragan"]
[Black "Spasov, Vasil"]
[Result "0-1"]
[WhiteElo "2057"]
[BlackElo "2583"]
[PlyCount "136"]
[EventDate "2011.11.24"]
[EventType "swiss"]
[EventRounds "9"]
[EventCountry "YUG"]
[SourceTitle "CBM 145 Extra"]
[Source "ChessBase"]
[SourceDate "2012.01.03"]
[SourceVersion "1"]
[SourceVersionDate "2012.01.03"]
[SourceQuality "1"]

1. Nf3 Nf6 2. c4 g6 3. b3 Bg7 4. Bb2 0-0 5. g3 d6 6. Bg2 e5 7. 0-0 c5 8. Nc3 Nc6 9. d3 h6 10. e4 Be6 11. Nd5 Nh7 12. Ne1 f5 13. f4 Nf6 14. Nc2 Qd7 15. Qd2 fxe4 16. dxe4 exf4 17. Nxf6+ Bxf6 18. Bxf6 Rxf6 19. Rxf4 Rxf4 20. Qxf4 Kg7 21. Rf1 Qe7 22. Rd1 Ne5 23. Qd2 Rd8 24. Ne3 Qg5 25. Qc3 Qf6 26. Qd2 Nc6 27. Rf1 Qe5 28. Qf2 Nd4 29. Kh1 b6 30. Kg1 h5 31. Kh1 Re8 32. Kg1 Kg8 33. Kh1 Kh7 34. Kg1 Kg7 35. Kh1 Kg8 36. Kg1 Qg7 37. Kh1 Rf8 38. Qxf8+ Qxf8 39. Rxf8+ Kxf8 40. Bf1 Ke7 41. Kg2 Kf6 42. Kf2 Ke5 43. Bd3 g5 44. Nf1 Bh3 45. Nd2 Bg4 46. Ke3 Bd1 47. Nb1 Bc2 48. Nd2 g4 49. Bf1 a5 50. h3 a4 51. hxg4 hxg4 52. bxa4 Bxa4 53. Bd3 Bc2 54. Nf1 Ba4 55. Kd2 Bd7 56. Ke3 Ba4 57. Kd2 Nf3+ 58. Ke3 Bd1 59. Bb1 Ba4 60. Bd3 Bc6 61. Bb1 Bd7 62. Bd3 Ng5 63. Nh2 Nh7 64. Nf1 Nf6 65. Nd2 Nh5 66. Kf2 Kd4 67. Be2 Nf6 68. Nb3+ Ke5 0-1

[Event "Belgrade Trophy 23rd"]
[Site "Obrenovac"]
[Date "2010.11.24"]
[Round "1"]
[White "Trisic, Dragan"]
[Black "Popovic, Dusan"]
[Result "0-1"]
[WhiteElo "2060"]
[BlackElo "2546"]
[PlyCount "54"]
[EventDate "2010.11.24"]
[EventType "swiss"]
[EventRounds "9"]
[EventCountry "YUG"]
[SourceTitle "CBM 139 Extra"]
[Source "ChessBase"]
[SourceDate "2011.01.05"]
[SourceVersion "1"]
[SourceVersionDate "2011.01.05"]
[SourceQuality "1"]

1. Nf3 Nf6 2. c4 g6 3. g3 Bg7 4. Bg2 0-0 5. 0-0 d6 6. d4 Nc6 7. Nc3 a6 8. d5 Na5 9. Qd3 c5 10. e4 Rb8 11. Nd2 b5 12. Rb1 Ng4 13. b3 Ne5 14. Qc2 bxc4 15. bxc4 Bd7 16. Rxb8 Qxb8 17. Nd1 Qb4 18. Ne3 Rb8 19. Re1 Ba4 20. a3 Bxc2 21. axb4 Nd3 22. Nxc2 Nxe1 23. Nxe1 Rxb4 24. Nc2 Rb8 25. Bf1 Nb3 26. Nxb3 Rxb3 27. Kg2 Rc3 0-1

[Event "Belgrade Trophy 19th"]
[Site "Belgrade"]
[Date "2006.11.28"]
[Round "7"]
[White "Trisic, Dragan"]
[Black "Pucarevic, Milenko"]
[Result "0-1"]
[WhiteElo "2068"]
[BlackElo "2228"]
[PlyCount "115"]
[EventDate "2006.11.22"]
[EventType "swiss"]
[EventRounds "9"]
[EventCountry "YUG"]
[SourceTitle "CBM 115 Extra"]
[Source "ChessBase"]
[SourceDate "2007.01.10"]
[SourceVersion "1"]
[SourceVersionDate "2007.01.10"]
[SourceQuality "1"]

1. c4 b6 2. Nf3 Bb7 3. Nc3 Nf6 4. g3 Bxf3 5. exf3 c5 6. Bg2 Nc6 7. 0-0 g6 8. b3 Bg7 9. Bb2 0-0 10. f4 Rc8 11. Ne2 e6 12. d4 Ne8 13. Qd2 Qf6 14. Rfd1 Nxd4 15. Nxd4 cxd4 16. Qb4 Qf5 17. Bxd4 Bxd4 18. Rxd4 Nf6 19. Rad1 Rc5 20. h3 h5 21. Qd2 Rc7 22. Kh2 Rfc8 23. Bf1 Ne4 24. Qe3 Nc5 25. b4 Na6 26. a3 Nb8 27. Be2 Qf6 28. g4 hxg4 29. hxg4 Kg7 30. g5 Rh8+ 31. Kg3 Qd8 32. Qe5+ Kg8 33. Bf3 Rc8 34. Bb7 Rc7 35. Be4 Qc8 36. Qf6 d5 37. Bf3 Nd7 38. Qe7 Ne5 39. Qf6 Nd7 40. Qe7 Nf8 41. Qf6 Nd7 42. Qe7 Nf8 43. Qf6 Rxc4 44. Rxc4 Qxc4 45. Qb2 Qc7 46. Rc1 Qd6 47. Qf6 Qd7 48. Qe5 f6 49. gxf6 Rh7 50. Bg4 Rf7 51. f3 d4 52. Rc4 Qd8 53. Rxd4 Qxf6 54. Qxf6 Rxf6 55. Rd8 Kg7 56. Ra8 Rf7 57. Bh3 Kf6 58. Bf1 0-1

[Event "Belgrade Trophy 19th"]
[Site "Belgrade"]
[Date "2006.11.27"]
[Round "6"]
[White "Radosavljevic, Slobodan D"]
[Black "Trisic, Dragan"]
[Result "1-0"]
[WhiteElo "2254"]
[BlackElo "2068"]
[PlyCount "62"]
[EventDate "2006.11.22"]
[EventType "swiss"]
[EventRounds "9"]
[EventCountry "YUG"]
[SourceTitle "CBM 115 Extra"]
[Source "ChessBase"]
[SourceDate "2007.01.10"]
[SourceVersion "1"]
[SourceVersionDate "2007.01.10"]
[SourceQuality "1"]

1. c4 c6 2. g3 d5 3. Qc2 Nf6 4. Bg2 g6 5. Nf3 Bg7 6. 0-0 0-0 7. d3 Nbd7 8. Nc3 a6 9. e4 dxc4 10. dxc4 Qc7 11. h3 e5 12. Be3 b6 13. b4 Rd8 14. c5 b5 15. a4 Bb7 16. Nd2 Nf8 17. Nb3 Ne6 18. axb5 axb5 19. Rxa8 Rxa8 20. Rd1 Rd8 21. Ne2 Bc8 22. Na5 Ne8 23. f4 exf4 24. gxf4 Bh6 25. e5 Bd7 26. Qc1 N8g7 27. Ng3 f6 28. Rd6 Ne8 29. f5 Bxe3+ 30. Qxe3 N6g7 31. fxg6 hxg6 1-0

[Event "Belgrade Trophy 19th"]
[Site "Belgrade"]
[Date "2006.11.25"]
[Round "4"]
[White "Runic, Zoran"]
[Black "Trisic, Dragan"]
[Result "1-0"]
[WhiteElo "2418"]
[BlackElo "2068"]
[PlyCount "83"]
[EventDate "2006.11.22"]
[EventType "swiss"]
[EventRounds "9"]
[EventCountry "YUG"]
[SourceTitle "CBM 115 Extra"]
[Source "ChessBase"]
[SourceDate "2007.01.10"]
[SourceVersion "1"]
[SourceVersionDate "2007.01.10"]
[SourceQuality "1"]

1. e4 c6 2. Nc3 d5 3. Nf3 Bg4 4. h3 Bxf3 5. Qxf3 e6 6. d4 Nf6 7. Bg5 Be7 8. 0-0-0 dxe4 9. Nxe4 Nxe4 10. Bxe7 Qxe7 11. Qxe4 Nd7 12. Kb1 0-0-0 13. c4 Nf6 14. Qe3 Kb8 15. Be2 Rd7 16. f4 Rhd8 17. a3 Ka8 18. g4 Rd6 19. g5 Ne8 20. Kc2 Qc7 21. b4 R6d7 22. Kc3 Nd6 23. Bd3 g6 24. Qe5 Kb8 25. Rhe1 Ne8 26. Bc2 Kc8 27. Qe3 Qb6 28. Qf2 Qa6 29. a4 Nd6 30. Qf1 b5 31. axb5 cxb5 32. Ra1 Qb7 33. c5 Qc6 34. d5 exd5 35. Kd4 Nc4 36. Bd3 a5 37. Rxa5 Nxa5 38. Bxb5 Nb3+ 39. Kc3 d4+ 40. Kxb3 Qd5+ 41. Bc4 Qf5 42. Re5 1-0

[Event "Belgrade Ada op"]
[Site "Belgrade"]
[Date "2005.08.20"]
[Round "6"]
[White "Jovicic, Radosav"]
[Black "Trisic, Dragan"]
[Result "0-1"]
[WhiteElo "2291"]
[BlackElo "2084"]
[PlyCount "132"]
[EventDate "2005.08.15"]
[EventType "swiss"]
[EventRounds "9"]
[EventCountry "YUG"]
[SourceTitle "CBM 107 Extra"]
[Source "ChessBase"]
[SourceDate "2005.09.01"]
[SourceVersion "1"]
[SourceVersionDate "2005.09.01"]
[SourceQuality "1"]

1. d4 d5 2. Nf3 Nf6 3. c4 c6 4. Nc3 dxc4 5. e4 b5 6. e5 Nd5 7. Ng5 h6 8. Nge4 e6 9. h4 Nd7 10. Rh3 a6 11. f4 Bb7 12. f5 Nxc3 13. bxc3 exf5 14. Ng3 Qe7 15. Nxf5 Qe6 16. Qc2 c5 17. Be2 g6 18. Ne3 h5 19. d5 Qxe5 20. Nxc4 bxc4 21. Re3 Bg7 22. Rxe5+ Nxe5 23. Qa4+ Kf8 24. Qa5 Re8 25. Qxc5+ Kg8 26. Kf1 Kh7 27. Bg5 Rc8 28. Qa5 Nd7 29. Be7 Rhe8 30. d6 Rc5 31. Qb4 Be4 32. Qa4 Bc6 33. Qa3 Rb8 34. Kg1 Rbb5 35. Qc1 Ra5 36. Bf1 Ne5 37. d7 Nxd7 38. Bxc5 Rxc5 39. Qa3 Rf5 40. Be2 Bf8 41. Qxa6 Bc5+ 42. Kh2 Ne5 43. Rf1 Rxf1 44. Bxf1 Ng4+ 45. Kh3 Nf2+ 46. Kg3 Ne4+ 47. Kf3 Bd5 48. Ke2 Nxc3+ 49. Kd2 Ne4+ 50. Kc2 Nd6 51. Qa5 Be4+ 52. Kd1 Bd4 53. Qc7 c3 54. Qxd6 c2+ 55. Kc1 Be3+ 56. Qd2 Bxd2+ 57. Kxd2 f6 58. g3 g5 59. a4 gxh4 60. gxh4 f5 61. a5 f4 62. a6 f3 63. a7 Kg6 64. Bb5 f2 65. Bc4 Kf5 66. Be2 Ke5 0-1

[Event "Belgrade Trophy 18th"]
[Site "Obrenovac"]
[Date "2005.??.??"]
[Round "4"]
[White "Ilic, Zoran S"]
[Black "Trisic, Dragan"]
[Result "1-0"]
[WhiteElo "2349"]
[BlackElo "2084"]
[PlyCount "61"]
[EventDate "2005.11.22"]
[EventType "swiss"]
[EventRounds "9"]
[EventCountry "YUG"]
[SourceTitle "CBM 109 Extra"]
[Source "ChessBase"]
[SourceDate "2006.01.03"]
[SourceVersion "2"]
[SourceVersionDate "2006.01.03"]
[SourceQuality "1"]

1. Nf3 d5 2. g3 c6 3. Bg2 Bg4 4. c4 e6 5. 0-0 Nd7 6. d3 Bd6 7. Nbd2 Ngf6 8. h3 Bh5 9. b3 0-0 10. Bb2 a5 11. a3 Qe7 12. Qc2 Rfc8 13. Rfc1 h6 14. e4 Bg6 15. e5 dxc4 16. Nxc4 Bc7 17. exf6 gxf6 18. Ne3 Rd8 19. Bf1 Bb6 20. Qc3 e5 21. Nh4 Bh7 22. b4 f5 23. Nhxf5 Qg5 24. h4 Qf6 25. Bh3 Kh8 26. d4 Bxf5 27. Nxf5 exd4 28. Nxd4 Ne5 29. Nf5 Re8 30. Re1 axb4 31. Qxe5 1-0